Spice : the history of a temptation

Αποθηκεύτηκε σε:
Λεπτομέρειες βιβλιογραφικής εγγραφής
Κύριος συγγραφέας: Turner, Jack, 1968-
Μορφή: Βιβλίο
Γλώσσα:English
Δημοσίευση: New York : Vintage Books, 2004.
Θέματα:
Ετικέτες: Προσθήκη ετικέτας
Δεν υπάρχουν, Καταχωρήστε ετικέτα πρώτοι!

MARC

LEADER 00000nam a2200000 a 4500
001 1/126653
008 230524s2004####us | ||| |||| ||eng||
020 |a 0375707050 
040 |a GR-MyUa  |b gre  |c GR-MyUa  |e AACR2 
041 0 |a eng 
082 7 |a 641.3383  |2 (23) 
100 1 |a Turner, Jack,   |d 1968- 
245 1 0 |a Spice :   |b the history of a temptation /   |c Jack Turner.  
260 |a New York :   |b Vintage Books,   |c 2004.  
300 |a xxiv, 352 σ. ;   |c 21 εκ.  
504 |a Περιλαμβάνει βιβλιογραφικές παραπομπές και ευρετήριο.  
650 0 |a Spices  |x History. 
650 0 |a Spice trade  |x History. 
852 |a INST  |b LESVOS  |e 20230524  |h 641.3383 TUR  |p 005100064570  |q 005100064570  |t BK  |y 0 
970 |a Δημάκη  |b Μαρία  |z 24-05-2023